<?xml version="1.0" encoding="UTF-8"?><?xml-stylesheet type="text/xsl" href="static/style.xsl"?><OAI-PMH xmlns="http://www.openarchives.org/OAI/2.0/" xmlns:xsi="http://www.w3.org/2001/XMLSchema-instance" xsi:schemaLocation="http://www.openarchives.org/OAI/2.0/ http://www.openarchives.org/OAI/2.0/OAI-PMH.xsd"><responseDate>2026-04-30T00:42:45Z</responseDate><request verb="GetRecord" identifier="oai:uvadoc.uva.es:10324/2047" metadataPrefix="marc">https://uvadoc.uva.es/oai/request</request><GetRecord><record><header><identifier>oai:uvadoc.uva.es:10324/2047</identifier><datestamp>2021-07-06T08:33:30Z</datestamp><setSpec>com_10324_1159</setSpec><setSpec>com_10324_931</setSpec><setSpec>com_10324_894</setSpec><setSpec>col_10324_1310</setSpec></header><metadata><record xmlns="http://www.loc.gov/MARC21/slim" xmlns:doc="http://www.lyncode.com/xoai" xmlns:xsi="http://www.w3.org/2001/XMLSchema-instance" xmlns:dcterms="http://purl.org/dc/terms/" xsi:schemaLocation="http://www.loc.gov/MARC21/slim http://www.loc.gov/standards/marcxml/schema/MARC21slim.xsd">
<leader>00925njm 22002777a 4500</leader>
<datafield tag="042" ind1=" " ind2=" ">
<subfield code="a">dc</subfield>
</datafield>
<datafield tag="720" ind1=" " ind2=" ">
<subfield code="a">Aguado Rodríguez, Andrés</subfield>
<subfield code="e">author</subfield>
</datafield>
<datafield tag="720" ind1=" " ind2=" ">
<subfield code="a">López Rodríguez, José Manuel</subfield>
<subfield code="e">author</subfield>
</datafield>
<datafield tag="260" ind1=" " ind2=" ">
<subfield code="c">2004</subfield>
</datafield>
<datafield tag="520" ind1=" " ind2=" ">
<subfield code="a">Equilibrium geometries and the meltinglike transition of Na13Cs42 and Li13Na42 are studied by means of&#xd;
orbital-free density-functional-theory molecular dynamics simulations. A polyicosahedral structure is found to&#xd;
be energetically favored for Na13Cs42, with a core shell formed by Na atoms and complete segregation of Cs&#xd;
atoms to the cluster surface. Li13Na42 adopts an amorphouslike structure, albeit with significant local polyicosahedral&#xd;
order, with the Na atoms preferentially occupying surface sites but with partial mixing of Li and Na&#xd;
species at the cluster core. Analysis of the thermal properties reveals that premelting effects are more important&#xd;
for heterogeneous than for homogeneous alkali clusters. The nature of these premelting effects is discussed in&#xd;
detail. For Na13Cs42, they involve isomerizations without significant atom diffusion; for Li13Na42, they also&#xd;
include partial melting of the surface formed by Na atoms. The mixing of Li and Na species is significantly&#xd;
enhanced above the melting temperature, while surface segregation of Cs in Na13Cs42 is maintained in the&#xd;
liquid state. From the study of these two clusters, we attemp to extract some general trends about the structural&#xd;
and thermal behaviors of heterogeneous alkali clusters.</subfield>
</datafield>
<datafield tag="024" ind2=" " ind1="8">
<subfield code="a">Physical review B, vol. 71, n. 7 (2005), p.1-12</subfield>
</datafield>
<datafield tag="024" ind2=" " ind1="8">
<subfield code="a">1098-0121</subfield>
</datafield>
<datafield tag="024" ind2=" " ind1="8">
<subfield code="a">http://uvadoc.uva.es/handle/10324/2047</subfield>
</datafield>
<datafield tag="024" ind2=" " ind1="8">
<subfield code="a">10.1103/PhysRevB.71.075415</subfield>
</datafield>
<datafield tag="024" ind2=" " ind1="8">
<subfield code="a">75415-1</subfield>
</datafield>
<datafield tag="024" ind2=" " ind1="8">
<subfield code="a">75415-12</subfield>
</datafield>
<datafield tag="024" ind2=" " ind1="8">
<subfield code="a">Physical Review B</subfield>
</datafield>
<datafield tag="024" ind2=" " ind1="8">
<subfield code="a">71</subfield>
</datafield>
<datafield ind1=" " ind2=" " tag="653">
<subfield code="a">Dinámica molecular</subfield>
</datafield>
<datafield ind1=" " ind2=" " tag="653">
<subfield code="a">Física nuclear</subfield>
</datafield>
<datafield tag="245" ind1="0" ind2="0">
<subfield code="a">Molecular dynamics simulations of the meltinglike transition in Li13Na42 and Na13Cs42 clusters</subfield>
</datafield>
</record></metadata></record></GetRecord></OAI-PMH>